000 00503nam a2200217Ia 4500
003 0100
008 130307s9999 xx 000 0 und d
020 _a0231048807
040 _cARRUPELIB
050 _aHX542.P28 1979
100 _aParkin, Frank
245 _aMarxism and class theory
245 _ba bourgeois critique
260 _aNew York
260 _bColumbia University Press
260 _c1979
300 _axi
300 _b217p. 23 cm.
650 _aSOCIAL SCIENCE
942 0 0 _03
999 _c93566
_d93566